Las partidas de bautismo de Eugenio Cajés, de Félix Casteló, de los hermanos Rizzi y otras noticias sobre artístas de la 1ª mitad del siglo XVII / (Record no. 101444)

MARC details
000 -LEADER
campo de control de longitud fija 00790nam a2200193 i 4500
001 - NÚMERO DE CONTROL
campo de control 101444
003 - IDENTIFICADOR DE NÚMERO DE CONTROL
campo de control ES-MaACL
005 - FECHA Y HORA DE LA ÚLTIMA TRANSACCIÓN
campo de control 20250810063032.0
007 - CAMPO FIJO DE DESCRIPCIÓN FÍSICA--INFORMACIÓN GENERAL
campo de control de longitud fija t|
008 - DATOS DE LONGITUD FIJA--INFORMACIÓN GENERAL
campo de control de longitud fija 051018s1971 sp ||||1| spa d
100 1# - ENTRADA PRINCIPAL--NOMBRE DE PERSONA
Nombre de persona Mazón de la Torre, María Ángeles,
Fechas asociadas al nombre 1916-
9 (RLIN) 79488
245 14 - MENCIÓN DEL TÍTULO
Título Las partidas de bautismo de Eugenio Cajés, de Félix Casteló, de los hermanos Rizzi y otras noticias sobre artístas de la 1ª mitad del siglo XVII /
Mención de responsabilidad, etc. María A. Mazón de la Torre.
260 ## - PUBLICACIÓN, DISTRIBUCIÓN, ETC.
Lugar de publicación, distribución, etc. Madrid :
Nombre del editor, distribuidor, etc. Instituto Diego Velázquez,
Fecha de publicación, distribución, etc. 1971.
300 ## - DESCRIPCIÓN FÍSICA
Extensión 7 h. ;
Dimensiones 27 cm.
500 ## - NOTA GENERAL
Nota general Es tirada aparte de "Archivo Español de Arte".- 1971, Nº. 176. Pág.- 413-425.
710 2# - ENTRADA AGREGADA--NOMBRE DE ENTIDAD CORPORATIVA
Nombre de entidad corporativa o nombre de jurisdicción como elemento de entrada Instituto Diego Velázquez.
9 (RLIN) 5021
852 ## - LOCALIZACIÓN
Ubicación ES-MaACL
Número de control de estantería 2076-F-29
Sublocalización o colección R.81410
Holdings
Estatus retirado Estado de pérdida Estado de daño No para préstamo Colección Biblioteca de origen Biblioteca actual Ubicación en estantería Fecha de adquisición Fuente de adquisición Total de préstamos Signatura topográfica completa Código de barras Visto por última vez Precio de reemplazo Tipo de ítem Koha
        Colección de folletos Biblioteca del Ateneo de Madrid Biblioteca del Ateneo de Madrid Depósito folletos 17/01/2008     2076-F-29 1105911 23/02/2023 23/02/2023 Folleto